Sociology (Record no. 16947)

000 -LEADER
fixed length control field 00270nam a22001217a 4500
008 - FIXED-LENGTH DATA ELEMENTS--GENERAL INFORMATION
fixed length control field 140207t xxu||||| |||| 00| 0 eng d
020 ## - INTERNATIONAL STANDARD BOOK NUMBER
International Standard Book Number 0-07-059396-5
100 ## - MAIN ENTRY--PERSONAL NAME
Personal name Paul B. Horton
9 (RLIN) 688
245 ## - TITLE STATEMENT
Title Sociology
250 ## - EDITION STATEMENT
Edition statement sixth edition
300 ## - PHYSICAL DESCRIPTION
Extent 635
942 ## - ADDED ENTRY ELEMENTS (KOHA)
Source of classification or shelving scheme
Koha item type Book
Holdings
Withdrawn status Lost status Source of classification or shelving scheme Damaged status Not for loan Permanent Location Current Location Date acquired Total Checkouts Full call number Barcode Date last seen Price effective from Koha item type Collection code Checked out Date last checked out
          Atta-ur-Rahman School of Applied Biosciences (ASAB) Atta-ur-Rahman School of Applied Biosciences (ASAB) 02/07/2014   301.1 HOR ASAB167 02/07/2014 02/07/2014 Book      
          Atta-ur-Rahman School of Applied Biosciences (ASAB) Atta-ur-Rahman School of Applied Biosciences (ASAB) 02/07/2014   301.1 HOR ASAB166 02/07/2014 02/07/2014 Book      
          Atta-ur-Rahman School of Applied Biosciences (ASAB) Atta-ur-Rahman School of Applied Biosciences (ASAB) 02/07/2014 1 301.1 HOR ASAB133 11/16/2023 02/07/2014 Book   12/16/2023 11/16/2023
          Atta-ur-Rahman School of Applied Biosciences (ASAB) Atta-ur-Rahman School of Applied Biosciences (ASAB) 02/07/2014   301.1 HOR ASAB132 01/21/2016 02/07/2014 Book      
© 2023 Central Library, National University of Sciences and Technology. All Rights Reserved.